000 00891cam a2200217 4500
001 WB3601-41
008 000000n2000 000 0 eng u
035 _a(Sirsi) u103426
245 _aSoftening the blow of new rates bills
260 _c2000
490 _aBirmingham Post
_v6 January 2000, 25(1)
520 _aThe uniform business rate will be reduced in April 2000 from 48.9p to 41.6p. This could soften the expected increases in rateable value in the 2000 rating lists. The proposed lists can viewed on the Valuation Office's website at http://www.voa.gov.uk ; Gerald Eve also have a rating calculator at http://www.ratescalc.co.uk
590 _aWB
650 _aUNIFORM BUSINESS RATE
650 _aBUSINESS RATES
650 _aNON-DOMESTIC RATING
650 _aRATING REVALUATION
650 _aRATING REVALUATION 2000
690 _aRATING AND LOCAL TAXATION
942 _n0
999 _c62142
_d62142